| 000 | 00614nab a2200253 a 4500 | ||
|---|---|---|---|
| 005 | 20210219161957.0 | ||
| 008 | 991125s1985 mx 000 0 spa u | ||
| 035 | _aUPN01000195443 | ||
| 100 | 1 | _aMurphy, Arthur D. | |
| 222 | _aALTERIDADES | ||
| 245 | _aEtnicidad en Oaxaca de Juárez | ||
| 260 | _aMéxico | ||
| 300 | _a5-10 | ||
| 362 | 0 | _a1999 Año 9, no. 17, ene.-jun. | |
| 653 | 0 | _aETNICIDAD | |
| 653 | 0 | _aMIGRACION | |
| 653 | 0 | _aORGANIZACION | |
| 653 | 0 | _aCOOPERACION | |
| 700 | 1 | _aWinter, Mary, | |
| 700 | 1 | _ecoaut. | |
| 700 | 1 | _aMorris, Earl W., | |
| 700 | 1 | _ecoaut. | |
| 905 | _aArticulo | ||
| 999 |
_c167544 _d167544 |
||